Moira: fate, good, and evil in greek thought
Сохранить в:
| Главный автор: | |
|---|---|
| Формат: | |
| Язык: | английский |
| Опубликовано: |
Nueva York
Peter Smith
1963
|
| Предметы: | |
| Метки: |
Добавить метку
Нет меток, Требуется 1-ая метка записи!
|
MARC
| LEADER | 00000nam a2200000 a 4500 | ||
|---|---|---|---|
| 001 | UCP7583 | ||
| 003 | CL-VaPUC | ||
| 008 | 991217e19630000US |||||||||||||||||eng|d | ||
| 082 | 0 | 4 | |a 880.9 |b GRE |2 21 |
| 100 | 0 | |a Greene, William Chase |e author |9 437027 | |
| 245 | 1 | 0 | |a Moira: fate, good, and evil in greek thought |
| 300 | |a 450 p | ||
| 942 | |c BK | ||
| 945 | |d 19991217 00:00:00 |a rherrera | ||
| 260 | |a Nueva York |b Peter Smith |c 1963 | ||
| 650 | 7 | |a LITERATURA GRIEGA |2 CL-VaPUC |9 258054 | |
| 650 | 0 | |a Crítica e interpretación |9 255042 | |
| 650 | 0 | |a Filosofía griega |9 265579 | |
| 583 | |a last modification |c 20170531 12:24:38 |k Rodrigo Vera | ||
| 999 | |c 284703 |d 284701 | ||
| 952 | |0 0 |1 0 |4 0 |6 880_900000000000000_GRE_1963 |7 0 |8 A |9 328882 |a BIBHIS |b BIBHIS |d 2019-11-20 |i 1379348 |o 880.9 GRE 1963 |p 1379348 |r 2025-01-20 |w 2019-11-20 |y BK |k HIS | ||